| 000 | 00811nam a2200205 a 4500 | ||
|---|---|---|---|
| 001 | BRCA_1500 | ||
| 005 | 20190320203444.0 | ||
| 008 | 951106s1995 mx-a---##b---f000-0#spa-# | ||
| 020 | _a9682979854 | ||
| 050 | 4 |
_aND259 _b.C53 1995 |
|
| 100 | 1 |
_aClausell, Joaquín _d1866-1935 _94896 |
|
| 245 | 1 | 0 | _aJoaquín Clausell y los ecos del impresionismo en México. |
| 260 |
_aMéxico _bPatronato del Museo Nacional de Arte : INBA _c1995 |
||
| 300 |
_a192 p. _bil. (algunas a color) _c29 cm. |
||
| 500 | _aCatálogo de la exposición realizada en el Museo Nacional de Arte (Ciudad de México), julio - octubre, 1995 | ||
| 500 | _aIncluye lista de ilustraciones y lista de catálogo | ||
| 600 | 1 | 4 |
_aClausell, Joaquín _d1866-1935 _vExposiciones _94897 |
| 650 | 1 | 4 |
_aImpresionismo (Arte) _xInfluencia _94898 |
| 942 |
_2lcc _cB |
||
| 999 |
_c1360 _d1360 |
||